Musei e gallerie di Genova
Descripción Física:
1 mapa : il·lustració en blanc i negre ; 17 x 8 cm plegat, 34 x 49 cm desplegat
Materias:
Fons Joan Junyer i Pascual (1909-1994)
Idioma:
Catalán , Italian
MARC
| LEADER | 00000nam a2200000 a 4500 | ||
|---|---|---|---|
| 001 | 29227 | ||
| 003 | AGDB | ||
| 005 | 20260324181543.0 | ||
| 008 | 260112b spa||||| |||| 00| 0 cat d | ||
| 040 | |a agdb |b cat | ||
| 041 | |a ita | ||
| 245 | |a Musei e gallerie di Genova |h (mapa) | ||
| 260 | |a Gènova : |b Ente manifestazioni genovesi, |c 1972 | ||
| 300 | |a 1 mapa : |b il·lustració en blanc i negre ; |c 17 x 8 cm plegat, 34 x 49 cm desplegat | ||
| 500 | |a Prové del fons Joan Junyer i Pascual (1909-1994) | ||
| 500 | |a Mapa dels museus de la ciutat de Gènova, amb descripció i dades de cadascun d'ells | ||
| 650 | |a Fons Joan Junyer i Pascual (1909-1994) |9 72777 | ||
| 942 | |2 udc |c ARXIU |n 1 | ||
| 952 | |0 0 |1 0 |2 udc |4 0 |6 F504320 |7 1 |9 98915 |a Arxiu |b Arxiu |d 2026-01-12 |l 0 |o F-504-320 |p 29227 |r 2026-01-12 12:02:45 |w 2026-01-12 |y ARXIU | ||
| 999 | |c 130583 |d 130583 | ||